000
00329nam a22001457a 4500
020
_a
817573855-3
082
_a
920
_b
DUA/S
100
_a
DUA,SHYAM
245
_a
THE LUMINOUS LIFE OF SONIA GANDHI
250
_a
FIRST
260
_a
DELHI
_b
TINY TOT PUBLICATIONS
_c
2004
300
_a
96
650
_a
BIOGRAPHY
_z
DELHI
942
_c
BK
999
_c
5918
_d
5918